Laddar...
My Odyssey Memoirs of the man behing the 'Mangalyaan' mission /
| Huvudupphovsman: | |
|---|---|
| Övriga upphovsmän: | |
| Språk: | Undetermined |
| Publicerad: |
Haryana :
Penguin ,
2016.
|
| LEADER | 00538nam a2200157Ia 4500 | ||
|---|---|---|---|
| 008 | 170722s9999 xx 000 0 und d | ||
| 999 | |c 156627 |d 156627 | ||
| 020 | |a 9780670089062 | ||
| 084 | |2 cc |a D58wNRA,1 | ||
| 100 | |a Radhakrishnan, K. | ||
| 245 | |a My Odyssey |b Memoirs of the man behing the 'Mangalyaan' mission / | ||
| 260 | |a Haryana : |b Penguin , |c 2016. | ||
| 300 | |b 303p. | ||
| 700 | |a Routh , Nilanjan | ||
| 942 | |c GEN | ||
| 952 | |0 0 |1 0 |4 0 |6 D_58WNRA1_Q6 |7 0 |8 GB |9 219714 |a LIB |b LIB |d 2017-02-11 |e Modern Book Centre |o D58wNRA,1 Q6 |p 303590 |r 2017-08-12 |y GEN | ||